[Event "5. Obert Internacional Masdenverge 2016"]
[Site "Masdenverge ESP"]
[Date "2016.06.26"]
[Round "7.5"]
[White "Colls Gelaberto, Emili"]
[Black "Molano Lafuente, Ismael"]
[Result "0-1"]
[WhiteElo "2135"]
[BlackElo "2065"]
[PlyCount "80"]
[EventDate "2016.06.24"]
[EventType "swiss"]
[EventRounds "7"]
[EventCountry "ESP"]
[SourceTitle "Ajedrez en Madrid"]
[Source "lmi"]
[SourceDate "2016.06.24"]
[SourceVersion "1"]
[SourceVersionDate "2018.04.15"]
[SourceQuality "1"]

1. Nf3 b6 2. g3 Bb7 3. Bg2 g5 4. h3 Bg7 5. d4 h6 6. c4 e6 7. Nc3 d6 8. e4 Nd7
9. O-O Ne7 10. Be3 Ng6 11. Qc2 O-O 12. Rad1 Qe7 13. Rfe1 e5 14. Nd5 Bxd5 15.
cxd5 exd4 16. Nxd4 Bxd4 17. Bxd4 Nde5 18. Re3 f6 19. Rc3 Rf7 20. Bf1 Kh8 21.
Kg2 Rg8 22. Rc1 Rgg7 23. Be2 a5 24. Bh5 Kh7 25. b3 Qd8 26. f3 Re7 27. a3 Qd7
28. Kh2 Ref7 29. Rf1 b5 30. f4 b4 31. axb4 axb4 32. Re3 c5 33. Bb2 gxf4 34.
gxf4 Nh4 35. fxe5 Rg2+ 36. Qxg2 Nxg2 37. e6 Nxe3 38. Rf3 Qb5 39. exf7 Qe2+ 40.
Kg3 Qg2+ 0-1

[Event "5. Obert Internacional Masdenverge 2016"]
[Site "Masdenverge ESP"]
[Date "2016.06.26"]
[Round "7.6"]
[White "Jordan Martinez, David"]
[Black "Ferre Fornos, J. Enric"]
[Result "1-0"]
[WhiteElo "2195"]
[BlackElo "1888"]
[PlyCount "127"]
[EventDate "2016.06.24"]
[EventType "swiss"]
[EventRounds "7"]
[EventCountry "ESP"]
[SourceTitle "Ajedrez en Madrid"]
[Source "lmi"]
[SourceDate "2016.06.24"]
[SourceVersion "1"]
[SourceVersionDate "2018.04.15"]
[SourceQuality "1"]

1. Nf3 g6 2. d4 Bg7 3. g3 d6 4. Bg2 Nf6 5. O-O O-O 6. c4 Nbd7 7. Nc3 c5 8. b3
cxd4 9. Nxd4 Nc5 10. Bb2 Rb8 11. Qc2 Ne6 12. e3 a6 13. Rfd1 Qa5 14. Qd2 Nxd4
15. exd4 Qh5 16. Qe2 Qxe2 17. Nxe2 Bg4 18. f3 Bd7 19. h3 Rfc8 20. Rac1 b5 21.
Ba3 bxc4 22. bxc4 Ba4 23. Rd3 d5 24. c5 Bb5 25. Re3 Bxe2 26. Rxe2 Nh5 27. Rxe7
Bxd4+ 28. Kh2 Bf2 29. g4 Bg3+ 30. Kg1 Nf4 31. Bf1 Re8 32. Rxe8+ Rxe8 33. c6 Ne6
34. Bc5 Bf4 35. Re1 Rc8 36. Be7 Rxc6 37. Bf6 Bg5 38. Rxe6 Rxe6 39. Bxg5 Re1 40.
Kf2 Ra1 41. Bxa6 Rxa2+ 42. Be2 d4 43. Ke1 Kg7 44. Be7 Ra1+ 45. Kd2 Ra2+ 46. Kd3
Ra8 47. g5 Re8 48. Bf6+ Kg8 49. Bxd4 Ra8 50. Ke4 Ra2 51. Bb5 Ra3 52. Bc6 Ra5
53. Bd5 Ra6 54. Ke5 Ra3 55. Kf6 Ra6+ 56. Ke7 h5 57. Bxf7+ Kh7 58. f4 Ra4 59.
Be5 Ra7+ 60. Kf6 Ra6+ 61. Be6 h4 62. f5 gxf5 63. g6+ Kh8 64. Kf7# 1-0

[Event "5. Obert Internacional Masdenverge 2016"]
[Site "Masdenverge ESP"]
[Date "2016.06.26"]
[Round "7.7"]
[White "Aymerich Rosell, Pablo"]
[Black "Martinez, Juan Manuel"]
[Result "1-0"]
[WhiteElo "2173"]
[BlackElo "1949"]
[PlyCount "63"]
[EventDate "2016.06.24"]
[EventType "swiss"]
[EventRounds "7"]
[EventCountry "ESP"]
[SourceTitle "Ajedrez en Madrid"]
[Source "lmi"]
[SourceDate "2016.06.24"]
[SourceVersion "1"]
[SourceVersionDate "2018.04.15"]
[SourceQuality "1"]

1. d4 d5 2. c4 dxc4 3. e3 Be6 4. Na3 c5 5. Nf3 Nf6 6. Nxc4 Nc6 7. Nce5 Qb6 8.
Nxc6 bxc6 9. dxc5 Qxc5 10. Be2 Qb4+ 11. Qd2 Qxd2+ 12. Bxd2 Ne4 13. Ba5 g6 14.
Nd4 Bd7 15. Rc1 Bg7 16. O-O O-O 17. Nxc6 Bxb2 18. Nxe7+ Kh8 19. Rc2 Ba3 20. Bf3
Bxe7 21. Bxe4 Rac8 22. Rfc1 Ba3 23. Rxc8 Rxc8 24. Rxc8+ Bxc8 25. Bd5 Kg8 26. f3
Bc5 27. Kf2 Bd7 28. g4 Kf8 29. Bc3 f5 30. gxf5 gxf5 31. Bd4 Bd6 32. Bxa7 1-0

[Event "5. Obert Internacional Masdenverge 2016"]
[Site "Masdenverge ESP"]
[Date "2016.06.26"]
[Round "7.8"]
[White "Barberans Sola, Sebastia"]
[Black "Buch Prades, Joan"]
[Result "1/2-1/2"]
[WhiteElo "1858"]
[BlackElo "2077"]
[PlyCount "63"]
[EventDate "2016.06.24"]
[EventType "swiss"]
[EventRounds "7"]
[EventCountry "ESP"]
[SourceTitle "Ajedrez en Madrid"]
[Source "lmi"]
[SourceDate "2016.06.24"]
[SourceVersion "1"]
[SourceVersionDate "2018.04.15"]
[SourceQuality "1"]

1. d4 Nf6 2. Nf3 d5 3. Bf4 c6 4. c3 Nbd7 5. Nbd2 Nh5 6. Bg3 Nxg3 7. hxg3 g6 8.
e4 dxe4 9. Nxe4 Bg7 10. Neg5 h6 11. Ne4 O-O 12. Qd2 Nf6 13. Nxf6+ exf6 14. Be2
Re8 15. O-O Bg4 16. Rfe1 Qb6 17. Bc4 h5 18. Rxe8+ Rxe8 19. Re1 Rxe1+ 20. Qxe1
Kf8 21. b4 a5 22. a3 Bh6 23. Nd2 Qc7 24. Nb3 b5 25. Bd3 a4 26. Nc5 Qe7 27.
Qxe7+ Kxe7 28. d5 Kd6 29. dxc6 Kxc6 30. Be4+ Kb6 31. f4 g5 32. f5 1/2-1/2

[Event "5. Obert Internacional Masdenverge 2016"]
[Site "Masdenverge ESP"]
[Date "2016.06.26"]
[Round "7.10"]
[White "Subirats Barbera, Eladi"]
[Black "Canales Garcia, Vicenc"]
[Result "0-1"]
[WhiteElo "1826"]
[BlackElo "2026"]
[PlyCount "48"]
[EventDate "2016.06.24"]
[EventType "swiss"]
[EventRounds "7"]
[EventCountry "ESP"]
[SourceTitle "Ajedrez en Madrid"]
[Source "lmi"]
[SourceDate "2016.06.24"]
[SourceVersion "1"]
[SourceVersionDate "2018.04.15"]
[SourceQuality "1"]

1. d4 Nf6 2. Nf3 e6 3. Bf4 d5 4. e3 c5 5. c3 Nc6 6. Nbd2 Be7 7. Bd3 Nh5 8. Bg3
Nxg3 9. hxg3 h6 10. Qe2 Rb8 11. Nh4 c4 12. Bc2 b5 13. a3 a5 14. e4 b4 15. exd5
exd5 16. Bf5 O-O 17. Bxc8 Bxh4 18. Qg4 Re8+ 19. Kd1 Qxc8 20. Rxh4 Qxg4+ 21.
Rxg4 Re6 22. axb4 axb4 23. Ra6 Rbe8 24. Nf3 Nxd4 0-1